| 000 | 00940nam a2200241 a 4500 | ||
|---|---|---|---|
| 001 | 59090 | ||
| 003 | BD-RjUL | ||
| 005 | 20211209080707.0 | ||
| 008 | 161221s1997 bg |||| |||| 001 0 ben d | ||
| 020 |
_a9843002916 _c: Tk. 300.00 |
||
| 035 | _a(BD-RjUL) 59214 | ||
| 040 |
_aBD-RjUL _beng _cBD-RjUL |
||
| 041 | _aben | ||
| 082 |
_223 _a332.642 _bHAS 1997 |
||
| 100 | 1 |
_aহাই, মোহাম্মদ এনামুল _9175735 |
|
| 245 | 1 | 0 |
_aষ্টক এক্সচেঞ্জ ও বিনিয়োগ / _cমোহাম্মদ এনামুল হাই |
| 260 |
_aঢাকা : _bজেন পাবিলশার্স, _c১৯৯৭ |
||
| 300 |
_a[১৬], ৩৩৬ পৃ. : _bচিত্র ; _c২১ সেমি. |
||
| 500 | _aনির্ঘণ্ট সংযুক্ত। | ||
| 650 |
_aষ্টক এক্সচেঞ্জ _9175736 |
||
| 650 |
_aStock Exchanges _9173897 |
||
| 942 |
_2ddc _cBK |
||
| 999 |
_c59090 _d59090 |
||